000 01057nam a22002657a 4500
999 _c64043
_d64043
005 20240530110711.0
008 180205s2015 ua g b 000 p ara d
017 _a2014/23345
_bمصر. دار الكتب
020 _a9789774991608
040 _aEG-CaGPL
_cEG-CaGPL
082 0 4 _221
_a811.009 /
_bع هـ
100 0 _aعبدالله شريق
245 1 0 _aاشكالية المنهج فى نقد الشعر العربى المعاصر من خلال تجارب النقد المرجعى /
_cعبدالله شريق
250 _aط. 1
260 _aالقاهرة :
_bرؤية للنشر و التوزيع،
_c2015.
300 _a397 ص. ؛
_c19 سم.
504 _aيشتمل على ارجاعات ببليوجرافية
650 0 7 _2qrmak
_aالادب العربى
650 0 7 _2qrmak
_aالشعر العربى
650 0 7 _2qrmak
_aالشعر العربى
_xتاريخ ونقد
650 0 7 _2qrmak
_aالشعر العربى
_xدواوين وقصائد
651 _2qrmak
942 _2ddc
_cBK